[Event "3. Arber-Open 2014"]
[Site "Bayerisch Eisenstein"]
[Date "2014.08.18"]
[Round "3.1"]
[White "Möhn, Hans"]
[Black "Prusikin, Michael"]
[Result "1-0"]
[WhiteElo "2226"]
[BlackElo "2524"]
[PlyCount "65"]
[EventDate "2014.??.??"]
[WhiteTeam "USV TU Dresden"]
[BlackTeam "TV Tegernsee"]

1. d4 Nf6 2. c4 g6 3. Nc3 Bg7 4. e4 d6 5. Nf3 O-O 6. Be2 c5 7. d5 e5 8. h3 Nh5
9. Nh2 Nf4 10. Bf3 f5 11. Nf1 Qa5 12. g3 fxe4 13. Bxe4 Nxh3 14. Be3 b5 15. a3
b4 16. axb4 Qxb4 17. Qc2 Na6 18. Rxh3 Bxh3 19. Rxa6 Qxc4 20. Qd3 Qb4 21. Nd2
Qxb2 22. Nc4 Qb4 23. Rxd6 Rf6 24. Rxf6 Bxf6 25. Ke2 Kf7 26. d6 Rd8 27. Nd5 Qa4
28. Nxf6 Kxf6 29. Qc3 Re8 30. Bf4 Qb4 31. Bxe5+ Ke6 32. Qd3 Kd7 33. Qd5 1-0

[Event "3. Arber-Open 2014"]
[Site "Bayerisch Eisenstein"]
[Date "2014.08.18"]
[Round "3.2"]
[White "Jansa, Vlastimil"]
[Black "Höfelsauer, Thomas"]
[Result "1-0"]
[WhiteElo "2438"]
[BlackElo "2257"]
[PlyCount "65"]
[EventDate "2014.??.??"]
[WhiteTeam "SC Forchheim e.V."]
[BlackTeam "SK München SO"]

1. Nf3 Nf6 2. g3 c5 3. Bg2 g6 4. O-O Bg7 5. d4 cxd4 6. Nxd4 O-O 7. e4 Nc6 8.
Ne2 d6 9. Nbc3 Bd7 10. b3 Rc8 11. a4 Nb4 12. Be3 b6 13. Qd2 a6 14. Rfc1 Bc6 15.
Nd5 Nbxd5 16. exd5 Bb7 17. c4 Nd7 18. Nd4 a5 19. Bh6 Qc7 20. Bxg7 Kxg7 21. h3
Qc5 22. Re1 Rfe8 23. Re3 Nf8 24. Rae1 Rc7 25. Kh2 Bc8 26. f4 f5 27. g4 fxg4 28.
hxg4 Bxg4 29. Rg3 Bc8 30. f5 h6 31. Rh3 h5 32. Rg3 Rb7 33. Qf4 1-0

[Event "3. Arber-Open 2014"]
[Site "Bayerisch Eisenstein"]
[Date "2014.08.18"]
[Round "3.3"]
[White "Schleich, Theodor"]
[Black "Hausner, Ivan"]
[Result "0-1"]
[WhiteElo "2035"]
[BlackElo "2350"]
[PlyCount "76"]
[EventDate "2014.??.??"]
[WhiteTeam "SK Siemens München"]
[BlackTeam "SK 1908 Göggingen"]

1. d4 c5 2. d5 Nf6 3. Nc3 e5 4. e4 d6 5. Nf3 Bg4 6. Be2 Bxf3 7. Bxf3 Be7 8. O-O
O-O 9. Be2 Ne8 10. Bd3 Bg5 11. Qg4 Bxc1 12. Raxc1 a6 13. a4 Nd7 14. Ne2 g6 15.
h4 Ng7 16. Ng3 h5 17. Qh3 Nf6 18. Ne2 b5 19. axb5 axb5 20. Bxb5 Nxe4 21. Bd3
Nf6 22. Nc3 Rb8 23. b3 Rb4 24. Ra1 e4 25. Bc4 Nf5 26. Nb5 Nxd5 27. c3 Rxb5 28.
Bxb5 e3 29. Rac1 Nxh4 30. fxe3 Qg5 31. Rfe1 Nf5 32. e4 Nf4 33. Qh2 Ng3 34. Rc2
h4 35. Rf2 Rb8 36. Bc4 Re8 37. Bxf7+ Kxf7 38. Rxf4+ Qxf4 0-1

[Event "3. Arber-Open 2014"]
[Site "Bayerisch Eisenstein"]
[Date "2014.08.18"]
[Round "3.4"]
[White "Haman, Jakub"]
[Black "Kolb, Wolfgang"]
[Result "1-0"]
[WhiteElo "2181"]
[BlackElo "2064"]
[PlyCount "119"]
[EventDate "2014.??.??"]
[WhiteTeam "SK Kladno"]
[BlackTeam "SK Königsbrunn"]

1. d4 Nf6 2. c4 e6 3. Nf3 Bb4+ 4. Bd2 c5 5. g3 b6 6. Bg2 Bb7 7. O-O O-O 8. Bxb4
cxb4 9. a3 bxa3 10. Rxa3 a5 11. Nc3 d6 12. Qb1 Na6 13. e4 Rc8 14. e5 dxe5 15.
dxe5 Bxf3 16. Bxf3 Nd7 17. Bb7 Nxe5 18. Bxa6 Nf3+ 19. Kg2 Nd2 20. Qc2 Rc7 21.
Ne4 Nxf1 22. Kxf1 f5 23. Nd2 Qa8 24. Bb5 Qh1+ 25. Ke2 Qxh2 26. Nf3 Qh5 27. Re3
f4 28. Re5 Rf5 29. Qe4 Rxe5 30. Qxe5 Qxe5+ 31. Nxe5 fxg3 32. fxg3 Kf8 33. Nd7+
Ke7 34. Nxb6 Kd6 35. Ke3 h5 36. Kd4 e5+ 37. Ke4 Rf7 38. Na4 Rf2 39. c5+ Ke7 40.
c6 g5 41. Nc3 h4 42. Nd5+ Kd6 43. gxh4 gxh4 44. c7 Rc2 45. Bf1 Rc1 46. Bh3 Rc4+
47. Kd3 Rxc7 48. Nxc7 Kxc7 49. Kc4 Kc6 50. b3 Kd6 51. Bf5 Kc6 52. Be4+ Kd6 53.
Bg2 Ke6 54. Bh3+ Kd6 55. Bf5 Kc6 56. Be4+ Kd6 57. Kb5 h3 58. Kb6 h2 59. Kb5 Kd7
60. Kxa5 1-0

[Event "3. Arber-Open 2014"]
[Site "Bayerisch Eisenstein"]
[Date "2014.08.18"]
[Round "3.5"]
[White "Weidenhöfer, Robert"]
[Black "Waddington, Mike P"]
[Result "0-1"]
[WhiteElo "1718"]
[BlackElo "2085"]
[PlyCount "58"]
[EventDate "2014.??.??"]
[WhiteTeam "SW Nürnberg Süd e.V."]
[BlackTeam "Dorchester"]

1. b3 e5 2. Bb2 Nc6 3. e3 Nf6 4. Bb5 e4 5. f3 d5 6. c4 dxc4 7. Bxc6+ bxc6 8.
Qc2 Qd3 9. Qc3 Be6 10. fxe4 Nxe4 11. Qxd3 cxd3 12. Nf3 f6 13. O-O Bc5 14. Nc3
Nxc3 15. Bxc3 O-O-O 16. Rfc1 Bb6 17. b4 Bd5 18. Nd4 Rhe8 19. a4 a6 20. Bb2 Kb7
21. Ra3 Be4 22. Nb3 Rd5 23. Bd4 Rg5 24. g3 h5 25. Kf2 h4 26. a5 hxg3+ 27. hxg3
Rf5+ 28. Kg1 Rh8 29. g4 Rh1# 0-1

[Event "3. Arber-Open 2014"]
[Site "Bayerisch Eisenstein"]
[Date "2014.08.18"]
[Round "3.6"]
[White "Cap, Adam"]
[Black "Forgach, Andreas"]
[Result "1/2-1/2"]
[WhiteElo "2080"]
[BlackElo "1909"]
[PlyCount "38"]
[EventDate "2014.??.??"]
[WhiteTeam "SK Kladno"]
[BlackTeam "Kasseler SK 1876"]

1. e4 c5 2. Nf3 Nc6 3. d4 cxd4 4. Nxd4 Nf6 5. Nc3 e6 6. Ndb5 Bb4 7. a3 Bxc3+ 8.
Nxc3 d5 9. exd5 exd5 10. Bd3 O-O 11. O-O d4 12. Ne4 Bf5 13. Bg5 Bxe4 14. Bxe4
h6 15. Bxf6 Qxf6 16. Re1 Rfe8 17. Qd3 Rad8 18. b3 Re7 19. Bxc6 bxc6 1/2-1/2

[Event "3. Arber-Open 2014"]
[Site "Bayerisch Eisenstein"]
[Date "2014.08.18"]
[Round "3.7"]
[White "Miesbauer, Jan"]
[Black "Zepke, Armin"]
[Result "1-0"]
[WhiteElo "2006"]
[BlackElo "2105"]
[PlyCount "73"]
[EventDate "2014.??.??"]
[WhiteTeam "SC Bayerwald Regen/Zwiesel e.V."]
[BlackTeam "SC Bayerwald"]

1. e4 c6 2. c4 d5 3. cxd5 cxd5 4. exd5 Nf6 5. Bb5+ Nbd7 6. Nc3 a6 7. Ba4 b5 8.
Bc2 Bb7 9. Nf3 Nxd5 10. Nxd5 Bxd5 11. a4 g6 12. O-O Bg7 13. Re1 O-O 14. Ra3
bxa4 15. d4 Nb6 16. Ne5 Ra7 17. Rh3 Qa8 18. f3 Rd8 19. Bh6 Bxh6 20. Rxh6 Kg7
21. Rh4 h5 22. Qd2 Rg8 23. Qg5 Kf8 24. Bxg6 fxg6 25. Nxg6+ Rxg6 26. Qxg6 Nd7
27. Rxh5 Nf6 28. Rh8+ Bg8 29. Re5 Qd8 30. Rh4 Rd7 31. Qh6+ Kf7 32. Qf4 Qb6 33.
Qd2 Rc7 34. Rf4 Bh7 35. g4 Rc2 36. Qe3 Qb4 37. g5 1-0

[Event "3. Arber-Open 2014"]
[Site "Bayerisch Eisenstein"]
[Date "2014.08.18"]
[Round "3.8"]
[White "Gschwendtner, Stanislav"]
[Black "Pliev, Vladimir"]
[Result "1-0"]
[WhiteElo "1987"]
[BlackElo "2011"]
[PlyCount "65"]
[EventDate "2014.??.??"]
[WhiteTeam "SC Bayerwald"]

1. c4 Nf6 2. Nc3 g6 3. e4 d6 4. d4 Bg7 5. f4 O-O 6. Nf3 c5 7. d5 e6 8. Be2 exd5
9. cxd5 Re8 10. e5 dxe5 11. fxe5 Ng4 12. e6 fxe6 13. d6 Bd7 14. Ng5 Ne5 15. O-O
h6 16. Nge4 Nbc6 17. Be3 b6 18. Qd2 Nd4 19. Bxh6 Nxe2+ 20. Nxe2 Nc4 21. Qg5
Qxg5 22. Bxg5 Bxb2 23. Nf6+ Bxf6 24. Rxf6 Kg7 25. Rf4 Ne3 26. Rf3 Nf5 27. g4
Bc6 28. Rd3 Nd4 29. Nxd4 cxd4 30. Rxd4 e5 31. Rc4 Rec8 32. Rac1 Bd7 33. Rc7 1-0

[Event "3. Arber-Open 2014"]
[Site "Bayerisch Eisenstein"]
[Date "2014.08.18"]
[Round "3.9"]
[White "Gil, Arthur"]
[Black "Kuba, Stanislav"]
[Result "0-1"]
[WhiteElo "2032"]
[BlackElo "2137"]
[PlyCount "62"]
[EventDate "2014.??.??"]
[WhiteTeam "SU Ebersberg-Grafing"]
[BlackTeam "SC Furth im Wald"]

1. e4 g6 2. d4 Bg7 3. Be3 d6 4. Nc3 c6 5. a4 a5 6. Qd2 Na6 7. Be2 Nb4 8. Nf3
Nf6 9. O-O O-O 10. h3 e5 11. dxe5 dxe5 12. Qxd8 Rxd8 13. Bb6 Re8 14. Rac1 Bh6
15. Rcd1 Nd7 16. Bc7 Nxc2 17. Bc4 Kg7 18. Nh2 f5 19. exf5 gxf5 20. Nf3 e4 21.
Bb3 Nb4 22. Nd4 Nc5 23. Bc4 Nbd3 24. Kh2 Nxb2 25. Ba2 Nxd1 26. Rxd1 Nd3 27.
Nce2 Nxf2 28. Rf1 Be3 29. Bb6 Kg6 30. g4 f4 31. Nxf4+ Bxf4+ 0-1

[Event "3. Arber-Open 2014"]
[Site "Bayerisch Eisenstein"]
[Date "2014.08.18"]
[Round "3.10"]
[White "Bergmann, Reiner"]
[Black "Meertens, Martin"]
[Result "1/2-1/2"]
[WhiteElo "1851"]
[BlackElo "2168"]
[PlyCount "40"]
[EventDate "2014.??.??"]
[WhiteTeam "SC Bayerwald"]
[BlackTeam "Klub Kölner SF e.V. 1"]

1. e4 c5 2. Nf3 a6 3. d4 cxd4 4. Nxd4 Nf6 5. Nc3 e5 6. Nf3 d6 7. Bg5 Nbd7 8.
Be2 Be7 9. O-O O-O 10. a4 Nc5 11. Bxf6 Bxf6 12. b4 Ne6 13. Nd5 Nf4 14. Nxf4
exf4 15. Ra3 Qe7 16. Qd2 Bd7 17. c4 b5 18. axb5 axb5 19. Rxa8 Rxa8 20. cxb5 Bc3
1/2-1/2

[Event "3. Arber-Open 2014"]
[Site "Bayerisch Eisenstein"]
[Date "2014.08.18"]
[Round "3.11"]
[White "Blank, Stefan"]
[Black "Strasil, Pavel"]
[Result "0-1"]
[WhiteElo "1838"]
[BlackElo "2132"]
[PlyCount "66"]
[EventDate "2014.??.??"]
[WhiteTeam "SC Sulzbach"]

1. e4 c5 2. Nf3 a6 3. g3 b5 4. Bg2 Bb7 5. d3 d6 6. O-O Nf6 7. c3 Nbd7 8. Nh4 e6
9. f4 Qc7 10. Qe2 Rb8 11. Na3 Be7 12. Bd2 O-O 13. f5 e5 14. Nf3 d5 15. exd5
Bxd5 16. Nc2 e4 17. Nfe1 Bd6 18. Ne3 exd3 19. Qxd3 Bxg2 20. N1xg2 Ne5 21. Qc2
Qc6 22. Nh4 c4 23. Neg2 Bc5+ 24. Kh1 Rbe8 25. h3 Nd3 26. Bf4 Nh5 27. Kh2 Re4
28. b4 Bb6 29. a4 Rfe8 30. axb5 axb5 31. Ra2 Bc7 32. Bxc7 Qxc7 33. Rf3 Rxh4 {
Zeit} 0-1

[Event "3. Arber-Open 2014"]
[Site "Bayerisch Eisenstein"]
[Date "2014.08.18"]
[Round "3.12"]
[White "Kottmair, Toni"]
[Black "Schröder, Stefan"]
[Result "1-0"]
[WhiteElo "2259"]
[BlackElo "1845"]
[PlyCount "135"]
[EventDate "2014.??.??"]
[WhiteTeam "SK Königsbrunn"]
[BlackTeam "Airbus Helicopters SG"]

1. Nf3 d5 2. c4 e6 3. d4 Nf6 4. Nc3 Bb4 5. Bg5 h6 6. Bxf6 gxf6 7. Qb3 Bxc3+ 8.
Qxc3 dxc4 9. Qxc4 c6 10. e3 Qd5 11. Qc3 Nd7 12. Bc4 Qe4 13. O-O-O Nb6 14. Bd3
Qg4 15. Rhg1 Bd7 16. Qa5 Qg7 17. Kb1 Qf8 18. Nd2 Nd5 19. Nc4 b5 20. Nd2 Qb4 21.
Qxb4 Nxb4 22. Ne4 Ke7 23. Nc5 a5 24. Be4 Be8 25. a3 Na6 26. Nd3 Bd7 27. Rc1
Rhc8 28. b3 Rc7 29. Rc2 Rac8 30. Rgc1 Kd6 31. Nc5 Nxc5 32. dxc5+ Ke7 33. Rd2 f5
34. Bc2 Be8 35. Rcd1 Rd7 36. Rxd7+ Bxd7 37. Rd4 Rg8 38. g3 Rg4 39. f4 Kd8 40.
Kb2 Kc7 41. Kc3 Rg8 42. Rd6 h5 43. Bd1 Rh8 44. Bf3 h4 45. gxh4 Rxh4 46. Rd2 Rh3
47. Rf2 Kd8 48. Kd2 Ke7 49. Be2 Kf8 50. Bf1 Rh6 51. h3 Kg7 52. Kc3 Kf6 53. Rd2
Ke7 54. Rh2 f6 55. h4 e5 56. h5 Be8 57. Be2 Ke6 58. b4 a4 59. Bf3 e4 60. Bd1
Rh7 61. Rd2 Rd7 62. Rd6+ Rxd6 63. cxd6 Kxd6 64. h6 Bg6 65. Bh5 Bh7 66. Kd4 Ke7
67. Kc5 Kd7 68. Kb6 1-0

[Event "3. Arber-Open 2014"]
[Site "Bayerisch Eisenstein"]
[Date "2014.08.18"]
[Round "3.13"]
[White "Grod, Andreas"]
[Black "Bader, Gerd"]
[Result "1/2-1/2"]
[WhiteElo "2018"]
[BlackElo "2011"]
[PlyCount "69"]
[EventDate "2014.??.??"]
[WhiteTeam "SF Sailauf"]
[BlackTeam "SG Schwäbisch Gmünd 1872 e.V"]

1. e4 e5 2. Nf3 d6 3. Bc4 c6 4. Nc3 Be7 5. d3 Nf6 6. Bg5 O-O 7. O-O Nbd7 8. Re1
b5 9. Bb3 Nc5 10. d4 Nxb3 11. axb3 Qc7 12. dxe5 dxe5 13. Qe2 h6 14. Bh4 Nh5 15.
Qe3 Bg4 16. Bxe7 Qxe7 17. h3 Bxf3 18. Qxf3 Nf4 19. Ne2 Ne6 20. Qc3 Qc5 21. Qxc5
Nxc5 22. Ng3 g6 23. Red1 Rfd8 24. Kf1 Kf8 25. Ke2 Rxd1 26. Rxd1 Ke7 27. f3 Ne6
28. Kf2 Nd4 29. Rd2 a5 30. Ne2 Ne6 31. Rd1 Nc5 32. Ra1 b4 33. Ke3 Ne6 34. g3
Kd6 35. f4 1/2-1/2

[Event "3. Arber-Open 2014"]
[Site "Bayerisch Eisenstein"]
[Date "2014.08.18"]
[Round "3.14"]
[White "Moutaqi, Sandra"]
[Black "Desoye, Gernot"]
[Result "1/2-1/2"]
[WhiteElo "2069"]
[BlackElo "1941"]
[PlyCount "83"]
[EventDate "2014.??.??"]
[WhiteTeam "PSV Ludwigslust"]
[BlackTeam "SF Graz"]

1. d4 d5 2. c4 c6 3. Nf3 Nf6 4. Nc3 a6 5. cxd5 cxd5 6. Bg5 e6 7. a3 Be7 8. e3
O-O 9. Bd3 Nc6 10. O-O b5 11. Rc1 Bb7 12. Bb1 Nd7 13. Bxe7 Qxe7 14. e4 dxe4 15.
Nxe4 b4 16. axb4 Nxb4 17. Nc5 Nxc5 18. Rxc5 Rac8 19. Bxh7+ Kxh7 20. Rh5+ Kg8
21. Ng5 g6 22. Qg4 gxh5 23. Qxh5 Be4 24. Nxe4 f5 25. Ng5 Rf6 26. h4 Nd5 27. g3
Qg7 28. Re1 Nc7 29. Rc1 Rd8 30. Rc4 Rh6 31. Qd1 e5 32. Qb3 Nd5 33. Rc5 Rb6 34.
Qc4 Qd7 35. dxe5 Kg7 36. e6 Qd6 37. Nf7 Qxe6 38. Nxd8 Qe1+ 39. Qf1 Qe4 40. Qc4
Qe1+ 41. Qf1 Qe4 42. Qc4 1/2-1/2

[Event "3. Arber-Open 2014"]
[Site "Bayerisch Eisenstein"]
[Date "2014.08.18"]
[Round "3.15"]
[White "Schulz, Gerhard"]
[Black "Völz, Stephan"]
[Result "1/2-1/2"]
[WhiteElo "1792"]
[BlackElo "1946"]
[PlyCount "79"]
[EventDate "2014.??.??"]
[WhiteTeam "PSV Ludwigslust"]
[BlackTeam "Muldental Wilkau-Haßlau"]

1. d4 Nf6 2. Nf3 d5 3. e3 Bf5 4. Bd3 Bxd3 5. Qxd3 c6 6. O-O e6 7. Nbd2 Nbd7 8.
c3 Be7 9. e4 dxe4 10. Nxe4 Nxe4 11. Qxe4 Nf6 12. Qe2 O-O 13. Bg5 h6 14. Bxf6
Bxf6 15. Rfe1 Qc7 16. Ne5 Rad8 17. Ng4 Bg5 18. Rad1 Rd5 19. c4 Rd6 20. Rd3 Rfd8
21. Red1 a6 22. g3 Qa5 23. h4 Be7 24. b3 h5 25. c5 R6d7 26. Ne5 Rd5 27. Qxh5 g6
28. Qf3 Rf8 29. Qe4 Kg7 30. R1d2 Qd8 31. Qg4 Bf6 32. Nf3 Rh8 33. Kg2 Rhh5 34.
Qe4 Rh8 35. Ne5 Qc7 36. Ng4 Be7 37. Ne5 Bf6 38. Ng4 Be7 39. Ne5 Bf6 40. Ng4
1/2-1/2

[Event "3. Arber-Open 2014"]
[Site "Bayerisch Eisenstein"]
[Date "2014.08.18"]
[Round "3.16"]
[White "Staudinger, Simon"]
[Black "Reuter, Roland"]
[Result "0-1"]
[WhiteElo "1616"]
[BlackElo "2007"]
[PlyCount "124"]
[EventDate "2014.??.??"]
[WhiteTeam "SC Sonnen 1986"]
[BlackTeam "SK Schwabach 1907 e.V."]

1. e4 c5 2. Nf3 d6 3. Bb5+ Bd7 4. Bxd7+ Nxd7 5. d4 cxd4 6. Qxd4 Ngf6 7. Nc3 g6
8. O-O Bg7 9. Re1 O-O 10. Qb4 Qc7 11. Be3 Rfe8 12. Nd4 a6 13. Rac1 Rac8 14. f3
Qc4 15. Qxc4 Rxc4 16. Nce2 d5 17. b3 Rcc8 18. exd5 Nxd5 19. Bd2 b5 20. c4 bxc4
21. Rxc4 Ne5 22. Rxc8 Rxc8 23. Rc1 Rxc1+ 24. Bxc1 Kf8 25. Bd2 Ke8 26. Nc2 Kd7
27. Nb4 Nxb4 28. Bxb4 Nc6 29. Bc3 Bh6 30. Kf2 Kd6 31. Ng3 Kd5 32. Ne4 f5 33.
Nd2 Bxd2 34. Bxd2 Kd4 35. Ke2 e5 36. a3 Ne7 37. a4 Nd5 38. b4 Kc4 39. b5 axb5
40. axb5 Kxb5 41. Kd3 Kc5 42. g3 Nc7 43. h3 Kd5 44. g4 Ne6 45. gxf5 gxf5 46.
Bh6 Nd4 47. Ke3 Nc6 48. Kd3 f4 49. Bg7 Nd4 50. Bf6 Nxf3 51. Ke2 Ke4 52. Kf2 Nd4
53. h4 h5 54. Bg7 Nf5 55. Bf6 Ne3 56. Bg7 Ng4+ 57. Ke2 f3+ 58. Kf1 Ke3 59. Bh8
e4 60. Bb2 Kd2 61. Bd4 e3 62. Bb6 e2+ 0-1

[Event "3. Arber-Open 2014"]
[Site "Bayerisch Eisenstein"]
[Date "2014.08.18"]
[Round "3.17"]
[White "Johanssen, Torsten"]
[Black "Reinhardt, Michael"]
[Result "1-0"]
[WhiteElo "1915"]
[BlackElo "1847"]
[PlyCount "127"]
[EventDate "2014.??.??"]
[WhiteTeam "vereinslos"]
[BlackTeam "TuS Hartha"]

1. c4 f5 2. Nc3 Nf6 3. d4 e6 4. g3 Be7 5. Bg2 O-O 6. Nf3 d6 7. O-O Ne4 8. Qc2
Nxc3 9. Qxc3 Bf6 10. Qc2 Qe8 11. Bg5 Nd7 12. Rad1 Qh5 13. Bxf6 Nxf6 14. c5 d5
15. Ne5 Nd7 16. Nd3 c6 17. e3 Qe8 18. f4 Nf6 19. Ne5 Nd7 20. Rb1 Nxe5 21. fxe5
Bd7 22. b4 a6 23. Rf2 Qe7 24. Qe2 Qg5 25. Rf4 g6 26. Qe1 h5 27. Bf1 Kg7 28. a4
Rh8 29. h4 Qe7 30. Qf2 Rhf8 31. Be2 Kh6 32. Qf1 Kg7 33. Rf2 Kh6 34. Rg2 Kg7 35.
Qf4 Rh8 36. Bf1 Rhf8 37. Rgb2 Ra7 38. b5 axb5 39. axb5 Rfa8 40. bxc6 Bxc6 41.
Rb6 Ra1 42. R1b2 R8a2 43. Qf2 Rxb2 44. Qxb2 Ra7 45. Kh2 Qd7 46. Kh3 Qe8 47. Rb3
Qa8 48. Bb5 Ra2 49. Qc3 g5 50. hxg5 Qd8 51. Rb2 Ra7 52. Bxc6 bxc6 53. Qb3 Qxg5
54. Qb6 Qg4+ 55. Kg2 Ra1 56. Qxc6 f4 57. Rb7+ Kg6 58. Qe8+ Kf5 59. Rf7+ Ke4 60.
Rxf4+ Kxe3 61. Rxg4 hxg4 62. Qf7 Ra2+ 63. Kg1 Kxd4 64. c6 1-0

[Event "3. Arber-Open 2014"]
[Site "Bayerisch Eisenstein"]
[Date "2014.08.18"]
[Round "3.18"]
[White "Fernandez-Alvarez, Raul"]
[Black "Leeb, Jonas"]
[Result "1/2-1/2"]
[WhiteElo "1723"]
[BlackElo "1897"]
[PlyCount "147"]
[EventDate "2014.??.??"]
[WhiteTeam "SG Schw München Nord e.V."]
[BlackTeam "SK München SO"]

1. e4 d6 2. d4 Nf6 3. Nc3 e5 4. dxe5 dxe5 5. Qxd8+ Kxd8 6. Bg5 Be6 7. Nd5 Be7
8. Nxe7 Kxe7 9. Nf3 Nbd7 10. Nd2 c6 11. Bc4 b5 12. Bxe6 Kxe6 13. f3 Nc5 14.
O-O-O Rhd8 15. Nb3 Nxb3+ 16. cxb3 Rd7 17. Bxf6 gxf6 18. Rxd7 Kxd7 19. Kd2 a5
20. Rd1 Rg8 21. Ke3+ Ke7 22. g3 Rb8 23. a3 a4 24. b4 Rc8 25. Rd3 Ke6 26. g4 Rh8
27. Rc3 Kd6 28. Rc2 Rc8 29. Kd3 Rd8 30. Ke3 Rc8 31. Kd3 Rh8 32. Ke3 h6 33. f4
Rg8 34. h3 Rc8 35. Rd2+ Ke6 36. f5+ Ke7 37. Rc2 Kd6 38. Kd3 Rg8 39. Rd2 Rh8 40.
Rg2 Rg8 41. h4 c5 42. bxc5+ Kxc5 43. Kc3 Rd8 44. g5 fxg5 45. hxg5 hxg5 46. Rxg5
Rd4 47. Rg4 b4+ 48. axb4+ Rxb4 49. Rg7 Rxe4 50. Rxf7 Re3+ 51. Kd2 Rb3 52. Kc2
Rf3 53. f6 Kd6 54. Ra7 Rf4 55. f7 Ke6 56. f8=Q Rxf8 57. Rxa4 Rd8 58. Re4 Kd5
59. Re1 Rc8+ 60. Kd3 Rb8 61. Kc3 e4 62. b3 Rc8+ 63. Kd2 Kd4 64. Re3 Rc2+ 65.
Kxc2 Kxe3 66. b4 Kf2 67. b5 e3 68. b6 e2 69. b7 e1=Q 70. b8=Q Qe4+ 71. Kc3 Qe1+
72. Kc4 Qc1+ 73. Kd5 Qd2+ 74. Kc6 1/2-1/2

[Event "3. Arber-Open 2014"]
[Site "Bayerisch Eisenstein"]
[Date "2014.08.18"]
[Round "3.19"]
[White "Kronschnabl, Matthias"]
[Black "Strangmueller, Andreas"]
[Result "0-1"]
[WhiteElo "1300"]
[BlackElo "2005"]
[PlyCount "106"]
[EventDate "2014.??.??"]
[WhiteTeam "SC Bayerwald"]
[BlackTeam "SK Landshut"]

1. e4 e6 2. d4 d5 3. e5 c5 4. c3 Nc6 5. Ne2 Qb6 6. f4 Nh6 7. Qd3 Bd7 8. Nd2 Rc8
9. Nf3 Be7 10. Ng3 cxd4 11. Nxd4 Nxd4 12. cxd4 Rc4 13. Ne2 Bb5 14. Qb3 Rb4 15.
Qc3 O-O 16. Be3 Rc4 17. Qd2 Rc7 18. Nc3 Bxf1 19. Rxf1 Bb4 20. Rc1 Rfc8 21. Ke2
Qa5 22. Rc2 Bxc3 23. bxc3 Rxc3 24. Rfc1 Rxc2 25. Rxc2 Qxd2+ 26. Kxd2 Rxc2+ 27.
Kxc2 Nf5 28. Bf2 h5 29. h3 Kf8 30. Kd3 Ke8 31. Be1 Kd7 32. a4 Kc6 33. Kc3 b5
34. a5 b4+ 35. Kxb4 Nxd4 36. Bc3 Nc2+ 37. Kb3 Ne3 38. g3 a6 39. Kb4 d4 40. Bxd4
Nc2+ 41. Kc4 Nxd4 42. Kxd4 Kb5 43. g4 hxg4 44. hxg4 g6 45. g5 Kb4 46. Kd3 Kxa5
47. Kc4 Kb6 48. Kb4 a5+ 49. Ka4 Ka6 50. Ka3 Kb5 51. Kb3 a4+ 52. Ka2 Kc4 53. Ka3
Kd4 0-1

[Event "3. Arber-Open 2014"]
[Site "Bayerisch Eisenstein"]
[Date "2014.08.18"]
[Round "3.20"]
[White "Weiland, Thomas"]
[Black "Fuchs, Benno"]
[Result "0-1"]
[WhiteElo "1889"]
[BlackElo "1790"]
[PlyCount "64"]
[EventDate "2014.??.??"]
[WhiteTeam "SV Oberursel"]
[BlackTeam "SF Botv. Steinsfurt"]

1. e4 d6 2. d4 Nf6 3. Bd3 g6 4. c3 Bg7 5. Bg5 h6 6. Bd2 O-O 7. Ne2 c5 8. f3 Nc6
9. Na3 a6 10. Nc2 b5 11. Ne3 Qb6 12. d5 Ne5 13. Bc2 e6 14. dxe6 Bxe6 15. Nf4
Kh7 16. Qc1 Rad8 17. O-O d5 18. Nxe6 Qxe6 19. f4 Neg4 20. f5 Qd6 21. Nxg4 Nxg4
22. Bf4 Be5 23. h3 Bxf4 24. Rxf4 Nf6 25. fxg6+ fxg6 26. exd5 Qxd5 27. Qf1 Kg7
28. Rd1 Qe5 29. Rxd8 Rxd8 30. Qf2 Re8 31. Kf1 Qe3 32. Rxf6 Qc1+ 0-1

[Event "3. Arber-Open 2014"]
[Site "Bayerisch Eisenstein"]
[Date "2014.08.18"]
[Round "3.21"]
[White "Jenisch, Achim"]
[Black "Herbold, Manfred"]
[Result "0-1"]
[WhiteElo "1830"]
[BlackElo "2147"]
[PlyCount "100"]
[EventDate "2014.??.??"]
[WhiteTeam "SF Botv. Steinsfurt"]
[BlackTeam "TSV Hütschenhausen"]

1. d4 d6 2. c4 e5 3. dxe5 dxe5 4. Qxd8+ Kxd8 5. e4 c6 6. Nf3 f6 7. Be2 Be6 8.
O-O Nd7 9. b3 a5 10. Nc3 Kc7 11. Be3 Bc5 12. Bxc5 Nxc5 13. Rfd1 Nh6 14. h3 Nf7
15. Nd2 Rhd8 16. Nf1 Rd4 17. Bg4 Bxg4 18. hxg4 Rad8 19. f3 Ng5 20. Ng3 g6 21.
Nge2 Rd3 22. Rxd3 Nxd3 23. Rd1 Ne6 24. Kf1 Nec5 25. g3 a4 26. Rb1 Nb4 27. Nxa4
Nxa4 28. bxa4 Nxa2 29. Ke1 Rd3 30. Rb2 Nc3 31. Rb3 Rd1+ 32. Kf2 Nxa4 33. Nc3
Ra1 34. Nxa4 Rxa4 35. Rc3 Ra2+ 36. Kf1 b6 37. f4 Kd6 38. Rd3+ Kc5 39. Rd7 Kxc4
40. Rf7 b5 41. Rxf6 c5 42. fxe5 b4 43. e6 Ra8 44. e7 Re8 45. Ke2 Rxe7 46. Ke3
Kc3 47. Rd6 c4 48. Rd1 b3 49. Rc1+ Kb4 50. Kd4 c3 0-1

[Event "3. Arber-Open 2014"]
[Site "Bayerisch Eisenstein"]
[Date "2014.08.18"]
[Round "3.22"]
[White "Ptacnik, Stanislav"]
[Black "Kleinhenz, Hans-Georg"]
[Result "1-0"]
[WhiteElo "2091"]
[BlackElo "1837"]
[PlyCount "37"]
[EventDate "2014.??.??"]
[BlackTeam "Stolberger SV 1927"]

1. e4 e6 2. d3 d5 3. Nd2 Nf6 4. Ngf3 Nc6 5. c3 a5 6. Be2 dxe4 7. dxe4 Bc5 8.
O-O O-O 9. Qc2 e5 10. Nc4 Qe8 11. Bg5 Nd7 12. a4 f6 13. Be3 Ne7 14. Nh4 g5 15.
Nf5 Ng6 16. b4 axb4 17. cxb4 Be7 18. Bh5 Rf7 19. Nh6+ 1-0

[Event "3. Arber-Open 2014"]
[Site "Bayerisch Eisenstein"]
[Date "2014.08.18"]
[Round "3.23"]
[White "Fäth, Christian"]
[Black "Zellner, Richard"]
[Result "0-1"]
[WhiteElo "1070"]
[BlackElo "2143"]
[PlyCount "66"]
[EventDate "2014.??.??"]
[WhiteTeam "SF Sailauf"]
[BlackTeam "SG Schw München N"]

1. d4 Nf6 2. c4 g6 3. Nf3 Bg7 4. Nc3 O-O 5. e4 d6 6. Be3 e5 7. dxe5 dxe5 8.
Qxd8 Rxd8 9. Nxe5 Nxe4 10. Nxe4 Bxe5 11. Rb1 f5 12. Nc5 f4 13. Nd3 Bf5 14. Rd1
Bxd3 15. Bxd3 fxe3 16. fxe3 Nc6 17. O-O Rd7 18. c5 Rad8 19. Bc4+ Kg7 20. Rxd7+
Rxd7 21. b3 Bc3 22. g4 Ne5 23. Be6 Re7 24. Bc8 b6 25. c6 Nxc6 26. Rc1 Rxe3 27.
Kf2 Bd4 28. Kg2 Bc5 29. Kf1 Rf3+ 30. Kg2 Rf2+ 31. Kh3 Bd6 32. Kh4 Rxh2+ 33. Kg5
h6# 0-1

[Event "3. Arber-Open 2014"]
[Site "Bayerisch Eisenstein"]
[Date "2014.08.18"]
[Round "3.24"]
[White "Flemming, Klaus"]
[Black "Pingitzer, Guenther"]
[Result "0-1"]
[WhiteElo "1766"]
[BlackElo "1880"]
[PlyCount "74"]
[EventDate "2014.??.??"]
[WhiteTeam "vereinslos"]
[BlackTeam "_Österrreich_"]

1. d4 Nf6 2. c4 g6 3. Nc3 d5 4. cxd5 Nxd5 5. e4 Nxc3 6. bxc3 Bg7 7. Bc4 O-O 8.
Be3 c5 9. Ne2 Nc6 10. O-O cxd4 11. cxd4 Na5 12. Bd3 b6 13. Rc1 Bd7 14. Qd2 Rc8
15. Nc3 Nc4 16. Bxc4 Rxc4 17. Ne2 Bb5 18. Rxc4 Bxc4 19. Rd1 Qd7 20. Nc3 Rc8 21.
f3 e6 22. Rc1 Bf8 23. Qb2 Bg7 24. Qd2 b5 25. e5 f5 26. exf6 Bxf6 27. Rd1 Rd8
28. Ne4 Be7 29. Qa5 Rc8 30. Qd2 Bd5 31. Nc5 Qc6 32. Rc1 Bc4 33. Nb3 Ba3 34. Rb1
Bd5 35. Nc5 e5 36. Qd3 exd4 37. Qxa3 dxe3 0-1

[Event "3. Arber-Open 2014"]
[Site "Bayerisch Eisenstein"]
[Date "2014.08.18"]
[Round "3.25"]
[White "Grabmeier, Johannes"]
[Black "Drews, Rüdiger"]
[Result "1-0"]
[WhiteElo "1914"]
[BlackElo "1899"]
[PlyCount "75"]
[EventDate "2014.??.??"]
[WhiteTeam "SV Deggendorf"]
[BlackTeam "Mosbacher SC von 1931"]

1. b3 d6 2. e3 Nf6 3. Bb2 Nbd7 4. f4 e5 5. g3 Be7 6. Bg2 c6 7. Nc3 Qc7 8. Qe2
Nc5 9. fxe5 dxe5 10. e4 Bg4 11. Nf3 Ne6 12. O-O-O O-O 13. Qf1 Rfd8 14. h3 Bxf3
15. Bxf3 b5 16. Ne2 Bc5 17. Kb1 a5 18. Qg2 a4 19. b4 a3 20. Ba1 Bb6 21. Nc1 c5
22. bxc5 Bxc5 23. Nb3 Bb6 24. c3 Rac8 25. Rc1 Qc4 26. Qf1 Qc6 27. Qe2 Qd7 28.
Rhd1 Qd3+ 29. Qxd3 Rxd3 30. Rf1 Nc5 31. Nxc5 Rxc5 32. Kc2 Rd8 33. d3 Ba5 34.
Rfd1 Rdc8 35. Kb3 b4 36. c4 R5c7 37. Bxe5 Rd7 38. Bxf6 1-0